| 000 | 00452pab a2200181 454500 | ||
|---|---|---|---|
| 008 | 180718b1991 xxu||||| |||| 00| 0 eng d | ||
| 100 | _aArora, Hari, C. | ||
| 245 | _aDecentralised planning (Review article) | ||
| 260 | _c1991 | ||
| 300 | _ap.227-235. | ||
| 362 | _aApr-Jun | ||
| 650 | _aReview article | ||
| 650 | _aPlanning | ||
| 650 | _aDecentralization | ||
| 773 | _aIndian Journal of Public Administration | ||
| 908 | _aN | ||
| 909 | _a89006 | ||
| 999 |
_c89006 _d89006 |
||